| 000 | 01836cam a2200241 4500 | ||
|---|---|---|---|
| 001 | L137041 | ||
| 008 | 110830s2006 xxk f 000 0 eng d | ||
| 035 | _a(Sirsi) u137041 | ||
| 041 | 0 | _aeng | |
| 050 | 0 | 4 | _a336.34 $2 18 |
| 110 | 2 |
_aRoyal Institution of Chartered Surveyors _bMachinery and Business Assets Faculty _94553 |
|
| 245 | 0 | 0 |
_aYour pathway to qualifying in machinery and business assets _h[electronic resource] |
| 260 |
_aLondon _bRICS _c2006 |
||
| 505 | 2 | _aIntroduction -- Pathway requirements: machinery and business assets APC; machinery and business assets ATC -- Competency guidance : accounting principles and procedures; auctioneering; capital taxation; compulsory purchase and compensation; corporate recovery and insolvency; inspection; insurance; investment management (including fund and portfolio management); leasing/letting; local taxation/assessment; measurement of land and property; purchase and sale; valuation. | |
| 520 | _aProvides information on the area with a general overview of the pathways. Lists the competency requirements of the machinery and business assets APC and ATC pathways (as set out in the APC/ATC Requirements and competencies guide July 2006). Describes the main technical competencies associated with machinery and business assets, providing expanded sector specific guidance on each of them. | ||
| 590 | _aKA | ||
| 651 | 4 |
_aUnited Kingdom _y |
|
| 690 | _aCAREERS, EDUCATION AND TRAINING-QUALIFICATION ROUTES | ||
| 690 | _aCAREERS, EDUCATION AND TRAINING-CAREERS IN SURVEYING-CAREERS IN MACHINERY AND BUSINESS ASSETS | ||
| 690 | _aCAREERS, EDUCATION AND TRAINING-QUALIFICATION ROUTES-ASSESSMENT OF PROFESSIONAL COMPETENCE | ||
| 856 | 4 | 0 |
_uhttps://www.rics.org/site/download_feed.aspx?fileID=167&fileExtension=PDF _zView the item free of charge at www.rics.org |
| 942 | _n0 | ||
| 999 |
_c106615 _d106615 |
||